| 000 | 01086nam a22003617a 4500 | ||
|---|---|---|---|
| 001 | 000031737 | ||
| 003 | CHAP | ||
| 005 | 20220329135102.0 | ||
| 008 | 971013s1931 r 00010 d | ||
| 010 | _a30685 | ||
| 011 | _a31657 | ||
| 035 | _a35769 | ||
| 040 | _cCHAP | ||
| 090 | _aFolleto 591 | ||
| 100 | 0 | 0 |
_aMarín, Luis. _971528 |
| 245 | 0 | _aCultivo del algodón. | |
| 260 |
_aMéxico, D.F. : _bSría. de Agricultura y Fomento, Departamento de Enseñanza Agrícola, _c1931. |
||
| 300 | _a47 p. | ||
| 500 | _a2da. ed. | ||
| 590 |
_aBATCH-UPD _b10 _c20130110 _lUCH01 _h2201 |
||
| 590 |
_aBATCH-UPD _b10 _c20130410 _lUCH01 _h1508 |
||
| 590 |
_aBATCH-UPD _b10 _c20130914 _lUCH01 _h1801 |
||
| 590 |
_aCONVERSION _b10 _c20130109 _lUCH01 _h1317 |
||
| 590 |
_aE5765TAJ _b05 _c20150428 _lUCH01 _h1121 |
||
| 590 |
_aE5765TAJ _b05 _c20150428 _lUCH01 _h1124 |
||
| 590 |
_aE5765TAJ _b05 _c20150428 _lUCH01 _h1125 |
||
| 590 |
_aE5765TAJ _b05 _c20150428 _lUCH01 _h1126 |
||
| 590 |
_aE5765TAJ _b05 _c20150428 _lUCH01 _h1133 |
||
| 650 | 1 | 4 |
_aAlgodon. _93959 |
| 901 | _aBK | ||
| 942 | _cFOLL | ||
| 942 | _n0 | ||
| 999 |
_c30685 _d30685 |
||